Score 0/7 Timer 03:00
3 Plays Today
Question Answer Wrong Answers
The Dutch explorer Jacob Roggeveen ‘discovers’ this island, known for its numerous large stone statues.
1722
Easter Island
91.7%
Tahiti
2%
Bora Bora
2.7%
Borneo
1.8%
This famous couple is sentenced to death for spying for the Soviet Union.
1951
Ethel & Julius Rosenberg
81.9%
Marge & Peter Johnson
3.5%
Megan & Benjamin Dunlap
2.6%
Sally & Jack Kemper
7.8%
This American general and politician, the 65th US Secretary of State, is born.
1937
Colin Powell
74.2%
John Kerry
13.7%
Warren Christopher
3.7%
James Baker
4.5%
This English philosopher, known for his book ‘Leviathan,’ is born.
1588
Thomas Hobbes
47.4%
John Locke
24.3%
Francis Bacon
16.9%
David Hume
11.1%
In Virginia, Pocahontas marries this English colonist.
1614
John Rolfe
38.4%
John Smith
54.2%
John Heath
1.6%
John Radcliffe
4.7%
Jess Willard knocks out this well-known American boxer, nicknamed the ‘Galveston Giant,’ to become Heavyweight Champion of the World.
1915
Jack Johnson
34.6%
Joe Louis
17.4%
Jack Dempsey
31.9%
Sugar Ray Robinson
13%
Alberto Fujimori, president of ______, dissolves congress by military force and assumes full legislative and judicial powers.
1992
Peru
31.2%
Japan
37.1%
Panama
9.6%
Chile
17.8%
Remove Ads.
Support Sporcle.
Get the best of Sporcle when you Go Orange. This ad-free experience offers more features, more stats, and more fun while also helping to support Sporcle. Thank you for becoming a member.

You're not logged in!

Compare scores with friends on all Sporcle quizzes.
OR
Log In

Show Comments

Extras

Top Quizzes Today


Score Distribution

Your Account Isn't Verified!

In order to create a playlist on Sporcle, you need to verify the email address you used during registration. Go to your Sporcle Settings to finish the process.

Report this User

Report this user for behavior that violates our Community Guidelines.

Details: